| 000 | 00989cam a2200301 i 4500 | ||
|---|---|---|---|
| 999 |
_c24920 _d24920 |
||
| 001 | 18790656 | ||
| 003 | OSt | ||
| 005 | 20210525103121.0 | ||
| 008 | 150921s2017 mau 001 0 eng | ||
| 010 | _a 2015037055 | ||
| 020 | _a9780134238739 (alk. paper) | ||
| 040 |
_aMMU _bEng _cMMU _dMMU |
||
| 042 | _apcc | ||
| 050 | 0 | 0 |
_aBJ1581.2 _b.J36 2016 |
| 082 | 0 | 0 |
_a001.3 _223 |
| 100 | 1 |
_aJanaro, Richard Paul, _eauthor. |
|
| 245 | 1 | 4 |
_aThe art of being human : _bthe humanities as a technique for living / _cRichard Paul Janaro, New World School of the Arts; Thelma C. Altshuler, Professor Emerita, Miami-Dade College. |
| 250 | _aEleventh edition. | ||
| 264 | 1 |
_aBoston : _bPearson, _c[2017] |
|
| 300 |
_axv, 483 pages ; _c28 cm |
||
| 336 |
_atext _2rdacontent |
||
| 337 |
_aunmediated _2rdamedia |
||
| 338 |
_avolume _2rdacarrier |
||
| 650 | 0 |
_aConduct of life _vTextbooks. |
|
| 650 | 0 |
_aHumanities _vTextbooks. |
|
| 700 | 1 |
_aAltshuler, Thelma C., _eauthor. |
|
| 942 |
_2ddc _cLOAN LOAN |
||